[Event "South Bohemia Open"]
[Site "Cesky Krumlov CZE"]
[Date "2009.11.21"]
[Round "9"]
[White "Skalicky,T"]
[Black "Stvan,M"]
[Result "1-0"]
[WhiteElo "1756"]
[BlackElo "1685"]

1.e4 c5 2.c3 Nf6 3.e5 Nd5 4.d4 cxd4 5.Nf3 Nc6 6.cxd4 e6 7.Nc3 Nxc3 8.bxc3 d5
9.Bd3 Be7 10.O-O a6 11.Bd2 Na5 12.Qc2 h6 13.Ne1 b5 14.a4 Bd7 15.axb5 axb5
16.f4 Nc4 17.Nf3 Nxd2 18.Nxd2 O-O 19.f5 exf5 20.Bxf5 Bxf5 21.Qxf5 Bg5 22.Nb3 Rxa1
23.Rxa1 Qb6 24.Nc5 Qc7 25.e6 Qd6 26.Nd7 g6 27.Qf3 fxe6 28.Qxf8+ Qxf8 29.Nxf8 Kxf8
30.Rb1 Bd2 31.Rb3 Kf7 32.Kf2 Kf6 33.Ke2 Bf4 34.g3 Bd6 35.Rxb5 Be7 36.Kf3 h5
37.Rb7 Ba3 38.h3 Bc1 39.Rb8 Kf7 40.Rc8 Kf6 41.Rc6 Kf7 42.Ke2 Ke7 43.Kd3 Kf7
44.Ra6 Kf6 45.Ra1 Bh6 46.Rf1+ Ke7 47.c4 dxc4+ 48.Kxc4 Bg7 49.Kc5 Bh8 50.Ra1 Kf6
51.Ra8 Bg7 52.Kd6 Kf7 53.Ra7+ Kf6 54.Rxg7  1-0

[Event "TCh-NED 2009-10"]
[Site "Netherlands NED"]
[Date "2009.11.21"]
[Round "3"]
[White "Feigin,S"]
[Black "Ikonnikov,Vy"]
[Result "1/2-1/2"]
[WhiteElo "2020"]
[BlackElo "2558"]

1.e4 c5 2.c3 Nf6 3.e5 Nd5 4.Nf3 Nc6 5.d4 cxd4 6.Bc4 Nb6 7.Bb3 d5 8.exd6 Qxd6
9.O-O Be6 10.Na3 dxc3 11.Qe2 Bxb3 12.Nb5 Qb8 13.axb3 g6 14.Be3 Nc8 15.Ra4 Bg7
16.Bf4 e5 17.Nxe5 Nxe5 18.Bxe5 Bxe5 19.f4 O-O 20.fxe5 Nb6  1/2-1/2

[Event "IV Open"]
[Site "Palma ESP"]
[Date "2009.11.22"]
[Round "2"]
[White "Hadzimanolis,A"]
[Black "Savchenko,S"]
[Result "1/2-1/2"]
[WhiteElo "2346"]
[BlackElo "2536"]

1.e4 c5 2.c3 Nf6 3.e5 Nd5 4.d4 cxd4 5.cxd4 d6 6.Nf3 Nc6 7.Bc4 Nb6 8.Bb3 dxe5
9.d5 Na5 10.Nc3 Bg4 11.Bd2 Nxb3 12.axb3 Nd7 13.O-O g6 14.Ra4 Bxf3 15.Qxf3 Bg7
16.Be3 O-O 17.Bxa7 b6 18.d6 exd6 19.Qc6 Rc8 20.Qxd6 Nc5 21.Qxd8 Rfxd8 22.Rc4 Nxb3
23.Rxc8 Rxc8 24.Bxb6 e4 25.Nxe4  1/2-1/2

[Event "UTD Invitational B"]
[Site "Dallas USA"]
[Date "2009.11.23"]
[Round "3"]
[White "Bryant,J"]
[Black "Hughes,T"]
[Result "1/2-1/2"]
[WhiteElo "2359"]
[BlackElo "2281"]

1.e4 c5 2.c3 Nf6 3.e5 Nd5 4.Nf3 e6 5.d4 cxd4 6.cxd4 d6 7.Bc4 Nb6 8.Bg5 Be7
9.Bxe7 Qxe7 10.Bd3 Nc6  1/2-1/2

[Event "IV Open"]
[Site "Palma ESP"]
[Date "2009.11.23"]
[Round "4"]
[White "Spence,D"]
[Black "Pogorelov,R"]
[Result "0-1"]
[WhiteElo "2252"]
[BlackElo "2469"]

1.e4 c5 2.c3 Nf6 3.e5 Nd5 4.d4 cxd4 5.cxd4 e6 6.Nf3 d6 7.Bc4 Nb6 8.Bb3 dxe5
9.Nxe5 Nc6 10.Nf3 Be7 11.Nc3 Bf6 12.Be3 Na5 13.Bc2 Nac4 14.Qd3 Bd7 15.O-O-O Rc8
16.Rhe1 Qe7 17.Ne4 Na4 18.Qb3 Naxb2 19.Nc5 Nxd1 20.Rxd1 Nxe3 21.fxe3 Bc6
22.Kb1 b6 23.Ne4 Bxe4 24.Bxe4 O-O 25.g4 g6 26.h4 Bxh4 27.Rh1 Bf6 28.Qb2 h6
29.Rxh6 Kg7 30.Rh1 Rh8 31.Rf1 g5 32.Bd3 a5 33.a3 Qc7 34.Qb5 Qc6 35.Qb2 Qc3
36.Qb5 Qc6 37.Qb2 Rh3 38.Ng1 Rh1 39.Qf2 Rh6 40.Nf3 Qc3 41.Bc2 Qxa3 42.Ne5 Qe7
43.Nf3 Qb4+ 44.Kc1 Qa3+ 45.Kd1 Qa1+ 46.Kd2 Qc3+ 47.Kd1 Be7 48.Ne1 a4 49.Nd3 a3
50.Nc1 b5 51.Qe2 b4 52.Qd3 Qxd3+ 53.Bxd3 Rh2 54.Be2 Rxc1+  0-1

[Event "Open"]
[Site "Figueira da Foz POR"]
[Date "2009.11.30"]
[Round "2"]
[White "Mendes,C"]
[Black "Babo,M"]
[Result "1/2-1/2"]
[WhiteElo "1542"]
[BlackElo "1953"]

1.e4 c5 2.c3 Nf6 3.e5 Nd5 4.Nf3 Nc6 5.Bc4 Nb6 6.Bb3 d5 7.d4 cxd4 8.cxd4 Bg4
9.Be3 e6 10.O-O Be7 11.Nbd2 O-O 12.a3 Na5 13.Bc2 Bh5 14.b4 Nac4 15.Nb3 Nxe3
16.fxe3 Nc4 17.Qe2 b6 18.Bd3 Rc8 19.Rfc1 Bg5 20.Bxc4 dxc4 21.Nbd2 Qd5 22.Rxc4 Rxc4
23.Nxc4 Bxf3 24.gxf3 Rc8 25.Nb2 Qb3 26.Nd1 Rc2 27.Qe1 Qd3 28.f4 Bxf4 29.exf4 Qxd4+
30.Ne3 Rc8 31.Rc1 Rf8 32.Rc4 Qb2 33.Qc1 Qe2 34.Rc2 Qh5 35.Rc8 g6 36.Rxf8+ Kxf8
37.Qd2 Qh4 38.Ng2 Qh5 39.Qd8+ Kg7 40.Qf6+ Kf8  1/2-1/2

[Event "Open"]
[Site "Figueira da Foz POR"]
[Date "2009.12.01"]
[Round "3"]
[White "Leite,C"]
[Black "Sousa,Joa"]
[Result "1-0"]
[WhiteElo "2210"]
[BlackElo "1852"]

1.e4 c5 2.c3 Nf6 3.e5 Nd5 4.d4 cxd4 5.Nf3 e6 6.cxd4 d6 7.Nc3 Nxc3 8.bxc3 Qc7
9.Bd2 Nc6 10.exd6 Bxd6 11.Bd3 Ne7 12.O-O Ng6 13.Re1 O-O 14.Qc2 Bd7 15.h4 Rfe8
16.h5 Nf8 17.Ng5 h6 18.Bh7+ Nxh7 19.Qxh7+ Kf8 20.Qh8+ Ke7 21.Qxg7 Bh2+ 22.Kh1 hxg5
23.Bxg5+ Kd6 24.Kxh2 Kc6+ 25.Qe5 Rh8 26.Kg1 Qxe5 27.Rxe5 Rag8 28.Bf4 b6 29.h6 f6
30.Re3 Kd5 31.f3 Bb5 32.Kf2 Bc4 33.g4 Re8 34.Kg3 Rh7 35.a3 Kc6 36.Kh4 Rg8
37.Kh5 Rd7 38.Rae1 Rd5+ 39.Kh4 Ra5 40.Rxe6+ Bxe6 41.Rxe6+ Kd5 42.Rxf6 Rxa3
43.h7 Re8 44.Be5 Ra1 45.Rh6  1-0

[Event "Open"]
[Site "Figueira da Foz POR"]
[Date "2009.12.02"]
[Round "5"]
[White "Pena,Hel"]
[Black "Sousa,Joa"]
[Result "1-0"]
[WhiteElo "1930"]
[BlackElo "1852"]

1.e4 c5 2.c3 Nf6 3.d3 Nc6 4.Nf3 e6 5.Bg5 Qb6 6.Qc2 d6 7.Bxf6 gxf6 8.g3 Be7
9.Bg2 Bd7 10.Nbd2 Rc8 11.O-O h5 12.h4 Ne5 13.Nc4 Qc7 14.Qe2 b5 15.Ne3 Kf8
16.Nxe5 dxe5 17.Bf3 Bd6 18.Bxh5 Ke7 19.Bg4 Rcg8 20.Kh2 Qc8 21.Qf3 Bc6 22.Bh3 f5
23.Ng2 c4 24.Qe3 cxd3 25.exf5 exf5 26.Qxa7+ Kf8 27.Qe3 e4 28.Nf4 Bd7 29.Rg1 Qc7
30.Nxd3 exd3 31.Qxd3 Rxh4 32.Rad1 Rh6 33.Kg2 Bc6+ 34.Kf1 Be4 35.Qd2 Rxh3
36.Qxd6+ Qxd6 37.Rxd6 Ke7 38.Rd4 Ra8 39.a3 Rd8 40.Ke2 Rxd4 41.cxd4 Rh1 42.Rxh1 Bxh1
43.f3 Bg2 44.b3 Kd6 45.a4 Kc6 46.a5 b4 47.Ke3 Bf1 48.Kf4 Bd3 49.Ke5 Bc4 50.bxc4 b3
51.d5+ Kb7 52.d6 b2 53.a6+ Kxa6 54.d7 b1=Q 55.d8=Q Qe1+ 56.Kxf5 Qe6+ 57.Kg5 Qxc4
58.Qf6+ Kb7 59.Kh6 Qc7 60.g4 Qg3 61.Qxf7+ Kb8 62.g5 Qh2+ 63.Kg6 Qc2+ 64.Kh6 Qd2
65.f4 Qh2+ 66.Kg7  1-0

[Event "2nd Dragon Capital"]
[Site "Ho Chi Minh City VIE"]
[Date "2009.12.05"]
[Round "5"]
[White "Do Hoang Lam"]
[Black "Bui Kim Le"]
[Result "0-1"]
[WhiteElo "2017"]
[BlackElo "2177"]

1.e4 c5 2.c3 Nf6 3.e5 Nd5 4.d4 cxd4 5.Nf3 e6 6.cxd4 d6 7.Bb5+ Bd7 8.Bxd7+ Nxd7
9.O-O Be7 10.exd6 Bxd6 11.Nc3 Nxc3 12.bxc3 O-O 13.Qb3 Qc7 14.c4 Rac8 15.c5 Be7
16.Be3 b6 17.cxb6 Nxb6 18.Rac1 Qd6 19.Rxc8 Rxc8 20.Rc1 Rxc1+ 21.Bxc1 Qc6
22.Be3 h6 23.Ne5 Qc7 24.h3 Bd6 25.Nd3 Qc6 26.Nb2 a5 27.Bd2 a4 28.Qc3 Qd5
29.a3 Qa2 30.g3 Qxa3 31.Qc6 Qxb2 32.Qxd6 Qxd2 33.Qxb6 Qc1+ 34.Kg2 a3 35.Qb7 Qb2
36.Qa8+ Kh7 37.Qe4+ g6 38.Qf4 Qb7+ 39.Kh2  0-1

[Event "FSIM December"]
[Site "Budapest HUN"]
[Date "2009.12.06"]
[Round "2"]
[White "Chan,Mark"]
[Black "Kislik,E"]
[Result "1/2-1/2"]
[WhiteElo "2286"]
[BlackElo "2349"]

1.e4 c5 2.c3 Nf6 3.e5 Nd5 4.d4 cxd4 5.cxd4 d6 6.Nf3 Nc6 7.Bc4 Nb6 8.Bb3 dxe5
9.Nxe5 Nxe5 10.dxe5 Qxd1+ 11.Bxd1 Nc4 12.f4 Bd7 13.Bf3 e6 14.Nc3 O-O-O 15.Be2 Nb6
16.Be3 Bb4 17.O-O Bxc3 18.bxc3 Na4 19.Rab1 Bc6 20.Bd4 Kb8 21.Rb4 Nb6 22.f5 Nd5
23.Rbb1 Ne7 24.fxe6 fxe6 25.g4 g5 26.Rf7 Rd7 27.Rbf1 Ng6 28.Rxd7 Bxd7 29.Rf7 Be8
30.Rg7 Nf4 31.Bf3 Bc6 32.Bxc6 bxc6 33.Bxa7+ Kc8 34.Kf1 Rd8 35.Bd4 h6 36.a4 Rd5
37.Rh7 Ra5 38.Rxh6 Rxa4 39.Rh7 c5 40.Be3 Ra1+ 41.Kf2 Nd3+ 42.Kg3 Re1 43.Bxg5 Rg1+
44.Kh4 Nxe5 45.h3 Nxg4 46.Ra7 Ne5 47.Be3 Nf3+ 48.Kh5 Re1 49.Bf4 e5 50.Kg4 Re4
51.Kxf3 Rxf4+ 52.Ke3 Rh4 53.Kd3 Kb8 54.Re7 c4+ 55.Kd2 e4  1/2-1/2

[Event "ch-IND National A"]
[Site "Mumbai IND"]
[Date "2009.12.07"]
[Round "7"]
[White "Sangma,R"]
[Black "Deepan,C"]
[Result "0-1"]
[WhiteElo "2368"]
[BlackElo "2518"]

1.e4 c5 2.c3 Nf6 3.e5 Nd5 4.Nf3 Nc6 5.Bc4 Nb6 6.Bb3 c4 7.Bc2 d6 8.exd6 e5
9.d4 cxd3 10.Qxd3 Qxd6 11.Qe2 Be7 12.O-O O-O 13.Re1 Bg4 14.h3 Bxf3 15.Qxf3 f5
16.Na3 Kh8 17.Nb5 Qf6 18.Be3 e4 19.Qh5 Nd5 20.Rad1 Nxe3 21.Rxe3 Bc5 22.Ree1 Qe5
23.Nd4 Nxd4 24.Rxe4 Nf3+ 25.gxf3 Qg3+ 26.Kh1 Qxf2 27.Rh4 h6 28.Qg5 Be3 29.f4 Qxc2
30.Rd7 Qc1+ 31.Kh2 Qxb2+ 32.Kh1 Qb1+ 33.Kh2 Qxa2+ 34.Kh1 Qb1+ 35.Kh2 Qg1+  0-1

[Event "London Classic FIDE Open"]
[Site "London ENG"]
[Date "2009.12.11"]
[Round "4"]
[White "Cherniaev,A1"]
[Black "Dimitrijeski,B"]
[Result "1-0"]
[WhiteElo "2465"]
[BlackElo "2236"]

1.e4 c5 2.c3 Nf6 3.d3 Nc6 4.f4 d5 5.e5 Ng4 6.h3 Nh6 7.g4 g6 8.Bg2 Bg7 9.d4 cxd4
10.cxd4 f6 11.Nc3 fxe5 12.fxe5 O-O 13.Be3 e6 14.Nf3 Nf7 15.Qd2 Bd7 16.O-O Rc8
17.Rf2 b5 18.Bf1 b4 19.Ne2 Qb6 20.b3 a5 21.h4 Na7 22.g5 Nb5 23.Nh2 Nc3 24.Ng3 Qc7
25.Ng4 Nxe5 26.dxe5 Bxe5 27.Bd4 Bxd4 28.Nh6+ Kg7 29.Qxd4+ e5 30.Qd2 Rxf2
31.Qxf2 Rf8 32.Qe3 d4 33.Qd2 Rf3 34.Bg2 Rxg3 35.Qf2 Rxg2+ 36.Kxg2 Bc6+ 37.Kg1 Ne4
38.Qf1 d3 39.Rc1 Qb6+ 40.Kh2 Qf2+ 41.Qxf2 Nxf2 42.Rxc6 d2 43.Rc8 Ng4+ 44.Kg3  1-0

[Event "London Classic FIDE Open"]
[Site "London ENG"]
[Date "2009.12.11"]
[Round "5"]
[White "Seymour,T"]
[Black "Britton,R"]
[Result "1/2-1/2"]
[WhiteElo "2041"]
[BlackElo "2254"]

1.e4 c5 2.c3 Nf6 3.e5 Nd5 4.Nf3 Nc6 5.Bc4 Nb6 6.Bb3 d5 7.exd6 c4 8.Bc2 Qxd6
9.O-O Bg4 10.Qe2 Rd8 11.Na3 e6 12.Nxc4 Nxc4 13.Qxc4 Bxf3 14.gxf3 Ne5 15.Ba4+ Ke7
16.Qe4 f5 17.Qxb7+ Kf6 18.d4 Nd3 19.Qb5 Nxc1 20.Raxc1 Rb8 21.Qe2 Qf4 22.Rce1 Bd6
23.Qxe6+ Kg5 24.Qe3 Rxb2 25.Bb3 Qxe3 26.Rxe3 a5 27.Re6 Rd8 28.Rc1 a4 29.Bxa4 Rxa2
30.Re8 Rxe8 31.Bxe8 Rd2 32.Bf7 Ba3 33.Re1 Bb2 34.Re3 f4 35.Re5+ Kf6 36.Bg8 Bxc3
37.Re6+ Kf5 38.Re5+ Kf6 39.Re6+  1/2-1/2

[Event "FSIM December"]
[Site "Budapest HUN"]
[Date "2009.12.12"]
[Round "8"]
[White "Chan,Mark"]
[Black "Turzo,A"]
[Result "0-1"]
[WhiteElo "2286"]
[BlackElo "2276"]

1.e4 c5 2.c3 Nf6 3.e5 Nd5 4.d4 cxd4 5.cxd4 d6 6.Nf3 Nc6 7.Bc4 dxe5 8.dxe5 Ndb4
9.Qxd8+ Nxd8 10.Na3 a6 11.Bd2 e6 12.O-O b5 13.Be2 Ndc6 14.Rfc1 Be7 15.Nxb5 axb5
16.Bxb5 Bd7 17.a3 Rb8 18.Ba4 Nd3 19.Rc3 Ndxe5 20.Bf4 Nxf3+ 21.gxf3 e5 22.Bg3 Nd4
23.Bd1 Rxb2 24.Bxe5 Ne2+ 25.Bxe2 Rxe2 26.Bd4 O-O 27.a4 Bb4 28.Rc7 Bh3 29.Rcc1 Bd2
30.Rd1 Rfe8  0-1

[Event "TCh-NED 2009-10"]
[Site "Netherlands NED"]
[Date "2009.12.12"]
[Round "4"]
[White "Baeumler,I"]
[Black "Blokhuis,J"]
[Result "0-1"]
[WhiteElo "2265"]
[BlackElo "2337"]

1.e4 c5 2.c3 Nf6 3.e5 Nd5 4.d4 cxd4 5.cxd4 d6 6.f4 Nc6 7.Nf3 Bf5 8.Bc4 Nb6
9.Bd3 Bxd3 10.Qxd3 e6 11.O-O Be7 12.Nc3 dxe5 13.fxe5 h6 14.a3 Nd5 15.Ne4 Qb6
16.b4 a6 17.Kh1 Rd8 18.Bb2 Nc7 19.Rad1 a5 20.Nfd2 Nxe5 21.Qg3 Ng6 22.Rc1 axb4
23.Qxc7 Qxc7 24.Rxc7 bxa3 25.Bc3 b5 26.Rb7 O-O 27.Rxb5 Ra8 28.Bb4 a2 29.Ra1 Rfd8
30.Nb3 Rdb8 31.Rxa2 Rxb5 32.Rxa8+ Kh7 33.Bxe7 Rxb3 34.Nd2 Rb2 35.Bc5 Rxd2
36.g3 Re2 37.Ra7 f5 38.Kg1 h5 39.Ra6 Re4 40.Rd6 h4 41.Kf2 hxg3+ 42.hxg3 Ne7
43.Rd7 Nd5 44.Kf3 Nf6 45.Ra7 Kg6 46.Re7 Nd5 47.Ra7 Nf6 48.Re7 Ng4 49.Ra7 Re3+
50.Kg2 Rd3 51.Re7 Kf6 52.Rd7 Rd2+ 53.Kg1 g5 54.Be7+ Kg6 55.Bd8 f4 56.gxf4 gxf4
57.Ba5 Ra2 58.Bb6 f3 59.Ra7 Rg2+  0-1

[Event "Tch-SLO League"]
[Site "Rogaska Slatina SLO"]
[Date "2009.12.12"]
[Round "3"]
[White "Lazar,Ales ML"]
[Black "Skoberne,J"]
[Result "0-1"]
[WhiteElo "2291"]
[BlackElo "2498"]

1.e4 c5 2.c3 Nf6 3.e5 Nd5 4.Bc4 e6 5.d4 cxd4 6.Bxd5 exd5 7.Qxd4 Qa5 8.b4 Qc7
9.Bf4 a5 10.b5 Bc5 11.Qxd5 Qb6 12.a4 d6 13.Qf3 dxe5 14.Bxe5 Qe6 15.Qe2 O-O
16.Bxb8 Rxb8 17.Nf3 Qxe2+ 18.Kxe2 Re8+ 19.Kd1 Bf5 20.Nbd2 Bxf2 21.Rf1 Be3
22.Re1 Bd3 23.Nd4 Rbd8 24.Ra3 Kf8 25.N2f3 Re4 26.Rxe3 Rxe3 27.Kd2 Rde8 28.c4 Rxf3
29.gxf3 Bxc4 30.Rc3 Bd5 31.Rc7 Rd8 32.Ke3 g6 33.Kf4 f6 34.h4 Bf7 35.Ke3 Re8+
36.Kd3 Re7 37.Rc8+ Re8 38.Rc7 Bd5 39.Rd7 Re5 40.f4 Be4+ 41.Kc4 Re7 42.Rd8+ Re8
43.Rd7 Rc8+ 44.Kb3 Ke8 45.Rxh7 Bd5+ 46.Kb2 Rc4 47.Ne2 Rxa4 48.Nc3 Rb4+ 49.Kc1 Bf3
50.Rg7 Rxf4 51.Rxg6 Kf7 52.Rg3 Bg4 53.Nd5 Rc4+ 54.Kb2 Be6 55.Rd3 Rxh4  0-1

[Event "Commonwealth Open"]
[Site "Singapore SIN"]
[Date "2009.12.12"]
[Round "5"]
[White "Lim Yee Weng"]
[Black "Stojic,D"]
[Result "1-0"]
[WhiteElo "2336"]
[BlackElo "2201"]

1.e4 c5 2.c3 Nf6 3.e5 Nd5 4.d4 cxd4 5.Nf3 d6 6.cxd4 Nc6 7.Bc4 e6 8.O-O Be7
9.exd6 Qxd6 10.Nc3 O-O 11.Bb3 Nxc3 12.bxc3 e5 13.Nxe5 Nxe5 14.Bf4 Qc6 15.Bxe5 Qxc3
16.Re1 Bg5 17.f4 Bh4 18.Qh5 Be7 19.Rac1 Qb4 20.f5 Qd2 21.Rf1 a5 22.Rc7 Qg5
23.Qxg5 Bxg5 24.f6 Bxf6 25.Bxf6 gxf6 26.Rxf6 Be6 27.d5 a4 28.dxe6 axb3 29.Rfxf7 Rxf7
30.exf7+ Kf8 31.axb3 Rb8 32.b4  1-0

[Event "Tch-SLO League"]
[Site "Rogaska Slatina SLO"]
[Date "2009.12.13"]
[Round "4"]
[White "Cigan,S"]
[Black "Maksimenko,An"]
[Result "0-1"]
[WhiteElo "2374"]
[BlackElo "2542"]

1.e4 c5 2.c3 Nf6 3.e5 Nd5 4.Nf3 e6 5.Bc4 d6 6.d4 cxd4 7.cxd4 Nc6 8.O-O Be7
9.a3 O-O 10.Nbd2 dxe5 11.dxe5 Qc7 12.Qe2 Rd8 13.Qe4 b6 14.b4 f5 15.Qe2 b5
16.Bxd5 Rxd5 17.Bb2 a5 18.bxa5 Nxa5 19.Rfc1 Qd7 20.Qe3 Bb7 21.Bd4 Nc6 22.Bc5 f4  0-1

[Event "Tch-SLO League"]
[Site "Rogaska Slatina SLO"]
[Date "2009.12.15"]
[Round "7"]
[White "Stevic,H"]
[Black "Ruck,R1"]
[Result "1/2-1/2"]
[WhiteElo "2616"]
[BlackElo "2556"]

1.e4 c5 2.c3 Nf6 3.e5 Nd5 4.d4 cxd4 5.Nf3 e6 6.cxd4 d6 7.Bc4 Nb6 8.Bb3 dxe5
9.Nxe5 Nc6 10.Nxc6 bxc6 11.O-O Be7 12.Nc3 O-O 13.Qd3 c5  1/2-1/2

[Event "Tch-SLO League"]
[Site "Rogaska Slatina SLO"]
[Date "2009.12.15"]
[Round "8"]
[White "Kryvoruchko,Y"]
[Black "Kozul,Z"]
[Result "1/2-1/2"]
[WhiteElo "2602"]
[BlackElo "2604"]

1.e4 c5 2.c3 Nf6 3.e5 Nd5 4.Nf3 Nc6 5.Bc4 e6 6.d4 cxd4 7.cxd4 d6 8.O-O Be7
9.Bd2 a6 10.Nc3 Nxc3 11.Bxc3 dxe5 12.dxe5  1/2-1/2

[Event "9th Amplico Life Rapid"]
[Site "Warsaw POL"]
[Date "2009.12.19"]
[Round "1"]
[White "Velioniskis,R"]
[Black "Olszewski,Mi"]
[Result "0-1"]
[WhiteElo "1822"]
[BlackElo "2541"]

1.e4 c5 2.c3 Nf6 3.e5 Nd5 4.d4 cxd4 5.Qxd4 e6 6.Nf3 Nc6 7.Qe4 d6 8.Nbd2 Qc7
9.exd6 Bxd6 10.g3 b6 11.Bg2 Bb7 12.Qg4 O-O 13.O-O Rad8 14.Ng5 Nf6 15.Qh3 h6
16.Nge4 Nxe4 17.Nxe4 f5 18.Nxd6 Qxd6 19.Re1 e5 20.Qh5 Na5 21.Bxb7 Nxb7 22.Be3 Na5
23.Rad1 Qe6 24.Bd4 Nc6 25.Be3 Rxd1 26.Rxd1 f4 27.Bc1 Qxa2 28.Qg6 Rf6 29.Qe8+ Kh7
30.gxf4 Rg6+ 31.Kh1 Qc4 32.f3 Qe2  0-1

[Event "9th Amplico Life Rapid"]
[Site "Warsaw POL"]
[Date "2009.12.19"]
[Round "2"]
[White "Goluch,P"]
[Black "Zhigalko,A"]
[Result "0-1"]
[WhiteElo "2132"]
[BlackElo "2600"]

1.e4 c5 2.c3 Nf6 3.e5 Nd5 4.Nf3 g6 5.Bc4 Nb6 6.Bb3 Bg7 7.O-O Nc6 8.d4 cxd4
9.cxd4 O-O 10.Re1 d6 11.Nc3 Bg4 12.exd6 Qxd6 13.Nb5 Qb4 14.Qd3 a6 15.Nc3 Bf5
16.Qe2 Bg4 17.Qd3 e6 18.Ne5 Bf5 19.Nxc6 bxc6 20.Qf3 Bxd4 21.Bd2 h5 22.h3 Nc4
23.Bh6 Nxb2 24.Bxf8 Rxf8 25.Ne2 Nd3 26.Nxd4 Nxe1 27.Qe3 Nxg2 28.Kxg2 c5 29.Nxf5 exf5
30.Rc1 Rc8 31.Rc4 Qb7+ 32.Qf3 Qe7 33.h4 a5 34.a4 Rb8 35.Qc3 Qb7+ 36.f3 Qxb3
37.Qxb3 Rxb3 38.Rxc5 Rb4 39.Rxa5 Rxh4 40.Ra8+ Kg7 41.a5 Ra4 42.a6 Kf6 43.a7 Kg5
44.Kg3 h4+ 45.Kh3 Kf4 46.Kg2 g5  0-1

[Event "9th Amplico Life Rapid"]
[Site "Warsaw POL"]
[Date "2009.12.19"]
[Round "2"]
[White "Plunge,G"]
[Black "Swiercz,D"]
[Result "0-1"]
[WhiteElo "2090"]
[BlackElo "2493"]

1.e4 c5 2.c3 Nf6 3.e5 Nd5 4.d4 cxd4 5.Nf3 e6 6.cxd4 d6 7.Nc3 Nxc3 8.bxc3 Qc7
9.Bd2 Nd7 10.exd6 Bxd6 11.Bd3 b6 12.O-O Bb7 13.h3 O-O 14.Re1 Bf4 15.Qe2 Bxf3
16.gxf3 Bxd2 17.Qxd2 Nf6 18.Rac1 Rfd8 19.Re5 Rac8 20.Qf4 Qd6 21.Qh4 h6 22.Kh1 Kf8
23.f4 Qa3 24.Rg1 Rxc3 25.Qg3 Rxd3 26.Qxg7+ Ke7 27.Rxe6+ Kxe6 28.Re1+ Kd7  0-1

[Event "18th Donau Open"]
[Site "Aschach AUT"]
[Date "2009.12.28"]
[Round "4"]
[White "Walter,T"]
[Black "Sakelsek,T"]
[Result "0-1"]
[WhiteElo "2146"]
[BlackElo "2400"]

1.e4 c5 2.c3 Nf6 3.e5 Nd5 4.d4 cxd4 5.Qxd4 e6 6.Nf3 Nc6 7.Qe4 f5 8.exf6 Nxf6
9.Qh4 Be7 10.Bd3 O-O 11.O-O Qe8 12.g4 d5 13.Re1 e5 14.g5 e4 15.gxf6 Rxf6
16.Bxe4 dxe4 17.Qxe4 Qh5 18.Bg5 Rxf3 19.Bxe7 Nxe7 20.Qxe7 Bh3 21.Kh1 Rxf2
22.Qxb7 Rxh2+ 23.Kg1 Rg2+  0-1

[Event "85th Masters"]
[Site "Hastings ENG"]
[Date "2009.12.28"]
[Round "1"]
[White "Hoare,Amy"]
[Black "Jackson,J"]
[Result "1/2-1/2"]
[WhiteElo "1796"]
[BlackElo "2067"]

1.e4 c5 2.c3 Nf6 3.e5 Nd5 4.d4 cxd4 5.Nf3 Nc6 6.cxd4 d6 7.Bc4 Nb6 8.Bb3 d5
9.Nc3 Bg4 10.Be3 e6 11.h3 Bh5 12.Qe2 Be7 13.O-O O-O 14.Rfd1 Rc8 15.Rac1 Na5
16.Bc2 Nac4 17.g4 Bg6 18.Bxg6 fxg6 19.b3 Na5 20.Kg2 a6 21.Qb2 Nc6 22.Ne2 Rxf3
23.Kxf3 Qf8+ 24.Kg2 Ba3 25.Qd2 Bxc1 26.Rxc1 Nb4 27.Rxc8 Nxc8 28.Nf4 Kf7 29.a3 Nc6
30.b4 Nb6 31.Nd3 Nc4 32.Qc1 Qc8 33.Kg3 Na7 34.a4 b6 35.h4 Qc6 36.Qd1 Kg8
37.Qb3 Qe8 38.Qd1 Nc8 39.Qb3 h5 40.Qd1 Ne7 41.Bg5 Nc6 42.Be3 Qf7 43.Qe2 hxg4
44.Qxg4 Qf5 45.Qxf5 gxf5 46.h5 Na3 47.a5 bxa5 48.bxa5 Kf7 49.Nc5 Nb8 50.Bd2 Nb5
51.Be3 Nc7 52.f3 Nc6 53.Nb3 Nb5 54.Kf2 f4 55.Bxf4 Nbxd4 56.Nc5 Nb8 57.Bd2 Ndc6
58.f4 Ne7 59.Kf3 Nf5 60.Kg4 Nh6+ 61.Kf3 Nf5 62.Kg4 Nd4 63.Kg3 Nf5+  1/2-1/2

[Event "59th ch-RUS w"]
[Site "Moscow RUS"]
[Date "2009.12.28"]
[Round "8"]
[White "Kosintseva,N"]
[Black "Bodnaruk,A"]
[Result "1-0"]
[WhiteElo "2518"]
[BlackElo "2372"]

1.e4 c5 2.c3 Nf6 3.e5 Nd5 4.Nf3 Nc6 5.d4 cxd4 6.cxd4 d6 7.Bc4 Nb6 8.Bb5 dxe5
9.Nxe5 Bd7 10.Nxd7 Qxd7 11.O-O e6 12.Nc3 Be7 13.Qg4 O-O 14.Rd1 f5 15.Qe2 Kh8
16.Bf4 Rad8 17.Be5 a6 18.Bxc6 Qxc6 19.Rac1 Nd5 20.Ne4 Qa4 21.b3 Qa3 22.Nc5 Rc8
23.Qd2 Bxc5 24.dxc5 Qb4 25.Qxb4 Nxb4 26.Rd7 Rg8 27.a3 Nc6 28.Bc3 Rb8 29.Re1 Nd8
30.f4 b6 31.cxb6 Rxb6 32.Ba5 Rb8 33.Bxd8 Rgxd8 34.Rxd8+ Rxd8 35.Rxe6 Ra8
36.b4 Kg8 37.Kf2 a5 38.b5 Rc8 39.Rc6 Rd8 40.Ra6 Rd2+ 41.Kf1 Kf7 42.Rxa5 Ke6
43.Ra7 Rb2 44.a4 Kd5 45.Rxg7 h5 46.Re7 Ra2 47.Re5+ Kd4 48.b6 Rxa4 49.Rb5 Ra8
50.b7 Rb8 51.Kf2 h4 52.Kf3 Kc4 53.Rxf5 Rxb7 54.Rh5 Rb3+ 55.Kg4 Rb2 56.Kh3 Kd4
57.Rxh4 Ke4 58.g3 Kf5 59.Rh5+  1-0

[Event "26th Open"]
[Site "Geneva SUI"]
[Date "2009.12.29"]
[Round "5"]
[White "Sudomir,Jean Denis"]
[Black "Caorlin,M"]
[Result "1/2-1/2"]
[WhiteElo "1810"]
[BlackElo "1887"]

1.e4 c5 2.c3 Nf6 3.e5 Nd5 4.d4 cxd4 5.cxd4 Nc6 6.Nf3 d6 7.Bc4 Nb6 8.Bxf7+ Kxf7
9.Ng5+ Ke8 10.e6 Qc7 11.Nc3 a6 12.Be3 g6 13.Qf3 Nd8 14.d5 Nc4 15.Bd4 Ne5
16.Bxe5 dxe5 17.O-O Bg7 18.Nge4 b6 19.Rac1 Qb8 20.Rfd1 Ra7 21.h4 Rf8 22.Qg3 Bh6
23.Rc2 Nb7 24.Ne2 Ra8 25.Rd3 Bf4 26.Qg4 Nd6 27.Nxd6+ Qxd6 28.Rdc3 Bb7 29.Rc7 Qxd5
30.Nxf4 Rxf4 31.Qg5 Rf6 32.h5 gxh5 33.Qxh5+ Rg6 34.Rxe7+ Kxe7 35.Qxh7+ Kxe6
36.Qxg6+ Ke7 37.Rc7+ Kd8 38.Rh7 Qxg2+ 39.Qxg2 Bxg2 40.Kxg2 Rc8 41.Rh8+ Kd7
42.Rxc8 Kxc8 43.Kf3 Kd7 44.Ke3 Kd6 45.b4  1/2-1/2

[Event "22nd Open"]
[Site "Staufer GER"]
[Date "2010.01.02"]
[Round "3"]
[White "Schoenberger,P"]
[Black "Hirneise,T"]
[Result "0-1"]
[WhiteElo "2157"]
[BlackElo "2421"]

1.e4 c5 2.c3 Nf6 3.e5 Nd5 4.d4 cxd4 5.cxd4 d6 6.Nf3 Nc6 7.Bc4 Nb6 8.Bb5 dxe5
9.Nxe5 Bd7 10.Nxd7 Qxd7 11.Nc3 e6 12.O-O Rd8 13.a4 Nd5 14.Bg5 Be7 15.Bxe7 Ndxe7
16.Qf3 Qxd4 17.Rfd1 Qb6 18.a5 Rxd1+ 19.Qxd1 Qc7 20.a6 O-O 21.axb7 Qxb7 22.Qa4 Rb8
23.h3 h6 24.Qe4 Qc7 25.Ra4 Qd6 26.g3 f5 27.Qe3 Rxb5  0-1

[Event "ch-AUS"]
[Site "Sydney AUS"]
[Date "2010.01.02"]
[Round "1"]
[White "Yuan,Y2"]
[Black "Ly,Mo"]
[Result "1/2-1/2"]
[WhiteElo "2129"]
[BlackElo "2335"]

1.e4 c5 2.c3 Nf6 3.e5 Nd5 4.Na3 Nc6 5.Nf3 g6 6.d4 cxd4 7.cxd4 Bg7 8.Nb5 O-O
9.Bc4 Nb6 10.Bb3 a6 11.Nc3 d6 12.exd6 Bg4 13.d5 Nd4 14.Be3 Bxf3 15.gxf3 Nf5
16.dxe7 Qxe7 17.Ne4 Nxe3 18.fxe3 Kh8 19.Qd2 f5 20.d6 Qh4+ 21.Nf2 Nc4 22.Qb4 f4
23.Qxc4 b5 24.Qe4 Rae8 25.Be6 Qf6 26.Ng4 Qxe6 27.Qxe6 Rxe6 28.O-O-O fxe3
29.d7 Rd8 30.Rhe1 e2 31.Rd3 h5 32.Nf2 Re7 33.Ne4 Rexd7 34.Rxd7 Rxd7 35.Rxe2 Rd3
36.Ng5 Bh6 37.f4 Rd4 38.Re8+ Kg7 39.Re7+ Kf8 40.Ra7 Bxg5 41.fxg5 Rg4 42.Rxa6 Rxg5
43.a4 bxa4 44.Rxa4 Rg1+ 45.Kc2 Rg2+ 46.Kc3 Rxh2 47.b4 Ke7 48.b5 Rh3+ 49.Kc2 Kd7
50.Rc4 Re3 51.Kd2 Re5 52.b6 Re6 53.Rb4 Kc8 54.b7+ Kb8 55.Rb5 Re7 56.Rb6 Rg7
57.Ke3 g5 58.Rb5 h4 59.Kf2 g4 60.Rh5 h3 61.Kg3 Kxb7 62.Rc5 Kb6 63.Rd5 Kc6
64.Rh5 Kd6 65.Ra5 Ke6 66.Rb5 Kf6 67.Rb6+ Kg5 68.Rb4 Kh6 69.Rb5 Rg5 70.Rb6+ Kg7
71.Rb7+ Kf6 72.Rb6+ Ke7 73.Rh6 Rg8 74.Ra6 Kd7 75.Rb6 Kc7 76.Ra6 Kb7 77.Rh6 Rg7
78.Re6 Ka7 79.Rd6 Rg8 80.Rh6  1/2-1/2

[Event "15th Open"]
[Site "Bosnjaci CRO"]
[Date "2010.01.04"]
[Round "2"]
[White "Babic,Z"]
[Black "Saric,A"]
[Result "1/2-1/2"]
[WhiteElo "2160"]
[BlackElo "2480"]

1.e4 c5 2.c3 Nf6 3.e5 Nd5 4.d4 cxd4 5.Nf3 Nc6 6.Bc4 e6 7.cxd4 d6 8.O-O Be7
9.Qe2 O-O 10.a3 Bd7 11.Qe4 Rc8 12.Bd3 f5 13.exf6 Nxf6 14.Qh4 d5 15.Bg5 h6
16.Bxh6 gxh6 17.Qg3+ Kh8 18.Qg6 Ne4  1/2-1/2

[Event "22nd Open"]
[Site "Staufer GER"]
[Date "2010.01.04"]
[Round "5"]
[White "Schoenberger,P"]
[Black "Bartonicek,Z sr"]
[Result "1-0"]
[WhiteElo "2157"]
[BlackElo "2041"]

1.e4 c5 2.c3 Nf6 3.e5 Nd5 4.d4 cxd4 5.cxd4 Nc6 6.Nf3 d6 7.Bc4 Nc7 8.exd6 Qxd6
9.O-O e6 10.Nc3 Be7 11.Be3 O-O 12.Rc1 Nd5 13.Qe2 Nxe3 14.fxe3 Bd7 15.Rfd1 Nb4
16.d5 Qb6 17.d6 Bf6 18.Ne4 Qd8 19.a3 Nc6 20.Bd3 Ne5 21.Nxe5 Bxe5 22.Rc5 f6
23.Qh5 g6 24.Qh6 Qe8 25.Rf1 Bc6 26.Rxe5 fxe5 27.Nf6+ Rxf6 28.Rxf6 e4 29.Bb1 Rd8
30.Qf4 Qd7 31.Bxe4 Bxe4 32.Qxe4 Qxd6 33.Qxb7 Rd7 34.Qe4 Re7 35.b4 Kg7 36.Rf1 e5
37.h3 Qa6 38.Qf3 Kh6 39.Qf8+  1-0

[Event "22nd Open"]
[Site "Staufer GER"]
[Date "2010.01.04"]
[Round "5"]
[White "Weissbeck,S"]
[Black "Aring,G"]
[Result "0-1"]
[WhiteElo "1992"]
[BlackElo "2180"]

1.e4 c5 2.c3 Nf6 3.e5 Nd5 4.Nf3 Nc6 5.Bc4 Nb6 6.Bb3 d6 7.e6 f6 8.Nh4 g6 9.Qe2 d5
10.Na3 a6 11.f4 Qd6 12.f5 gxf5 13.Qh5+ Kd8 14.O-O Qxe6 15.Nxf5 Qg8 16.d4 Qg6
17.Qxg6 hxg6 18.dxc5 Bxf5 19.cxb6 e6 20.Be3 Bd6 21.g3 Ke7 22.Nc2 Be4 23.Nd4 Ne5
24.Bc2 Ng4 25.Bxe4 dxe4 26.Rae1 Rxh2  0-1